[Event "Stein am Rhein op 13th"]
[Site "Stein am Rhein"]
[Date "2022.10.28"]
[Round "1"]
[White "Hirzel, Robin"]
[Black "Reinhardt, Bernd"]
[Result "0-1"]
[WhiteElo "1512"]
[BlackElo "2119"]
[PlyCount "46"]
[EventDate "2022.10.28"]
[EventType "swiss"]
[EventRounds "5"]
[EventCountry "SUI"]
[SourceTitle "EXT 2024"]
[Source "ChessBase"]
[SourceDate "2023.10.10"]
[SourceVersion "1"]
[SourceVersionDate "2023.10.10"]
[SourceQuality "1"]

1. c4 g6 2. Nc3 Bg7 3. g3 Nc6 4. Bg2 d6 5. Nf3 e5 6. Rb1 a5 7. a3 f5 8. d3 Nf6 9. e4 0-0 10. Bg5 h6 11. Bxf6 Qxf6 12. Nd5 Qf7 13. 0-0 fxe4 14. dxe4 Bg4 15. Ng5 Bxd1 16. Nxf7 Be2 17. Nxh6+ Bxh6 18. Rfe1 Bxc4 19. Nxc7 Rac8 20. Nd5 Bxd5 21. exd5 Nd4 22. b4 axb4 23. Rxb4 Bd2 0-1